Vlastnícke transakcie vedúce k zostaveniu konsolidovanej účtovnej závierky v SR

Zmeny vo vlastníckych vzťahoch obchodných spoločností vedú k zostaveniu účtovnej závierky. Analýza zostavenia konsolidovanej účtovnej závierky po uskutočnení vlastníckych transakcií v zmysle zákona č. 431/2002 Z.z. o účtovníctve.

Salvato in:
Dettagli Bibliografici
Autore principale: Parajka, Branislav, 1981-
Altri autori: Ondrušová, Lucia, 1981-
Natura: Capitolo di libro
Lingua:slovacco
Soggetti:
Tags: Aggiungi Tag
Nessun Tag, puoi essere il primo ad aggiungerne!!

MARC

LEADER 00000naa$a2200000$$$4500
001 0118151
005 20240521120505.8
041 0 |a slo 
044 |a CZ 
245 1 0 |a Vlastnícke transakcie vedúce k zostaveniu konsolidovanej účtovnej závierky v SR  |c Branislav Parajka, Lucia Ondrušová 
520 |a Zmeny vo vlastníckych vzťahoch obchodných spoločností vedú k zostaveniu účtovnej závierky. Analýza zostavenia konsolidovanej účtovnej závierky po uskutočnení vlastníckych transakcií v zmysle zákona č. 431/2002 Z.z. o účtovníctve. 
610 2 0 |a účtovníctvo 
610 2 0 |a spoločnosti obchodné 
610 2 0 |a vzťahy vlastnícke 
610 2 0 |a imanie vlastné 
610 2 0 |a závierka účtovná 
610 2 0 |a závierka účtovná konsolidovaná 
610 2 0 |a vzťahy zúčtovacie 
610 2 0 |a sústava bilančná 
610 2 0 |a súvaha 
100 1 |a Parajka, Branislav, 1981- 
700 1 |a Ondrušová, Lucia, 1981-